Chapeau! 1 : méthode de français

Gespeichert in:
Bibliographische Detailangaben
Weitere Verfasser: Fernández Benito, Julia .
Format: Buch
Sprache:Französisch
Erschienen: Madrid : Pearson Longman, 2007
Katalog:MANES:  Suchergebnis im Bibliothekskatalog
Schulbuchspezifische Eigenschaften:
Tags: Tag hinzufügen
Keine Tags, Fügen Sie den ersten Tag hinzu!
Hinzugefügt zu:17.06.2003
Geändert in:07.05.2025

MARC

LEADER 00000cam a2200000 i 4500
005 20250507134413.0
008 030618s2007 espa fp 000 0 fre d
016 7 |a bimoBNE20030501556  |2 SpMaBN 
017 |a M 8082-2002  |b Oficina Depósito Legal Madrid 
020 |a 8420534285 (livre de l'élève)  |a 8420534293 (cahier d'activités) 
040 |a uned  |b spa  |c entro-manes 
245 0 0 |a Chapeau! 1 :   |b méthode de français /   |c Julia Fernández Benito ... [et al.] ; conseillère linguistique, Frédérique Thiebault 
260 |a Madrid :   |b Pearson Longman,   |c 2007 
300 |a 3 v. 
505 0 |a Contiene:   |g V. 1.   |t Livre de l'élève -   |g V. 2.   |t Cahier d'activités -   |g V. 3.   |t Club lecture 
521 2 |a para ESO 
546 |a España 
561 |5 es-BUNED  |3 L.T.M. 2668  |a España. Fondo Manes UNED  |k MANES 
700 1 |a Fernández Benito, Julia .  |9 37625 
926 |a BNALCALA  |b SG_PETANTI  |c 12/178206  |d FONDO_MODE  |f 1  |c AHM/733039  |c AHM/733253  |c AHM/734202  |c AHM/867307  |c AHMO/17037  |c AHMO/75448  |c AHMO/219826  |c AHMO/296504  |c AHMO/378707  |c AHMO/380180  |c AHMO/384890  |c AHMO/583679  |b CONSERVACI  |c DL/1214225  |d NO_PRESTA  |c DL/1269846  |c DL/1293777  |c DL/1310106  |c DL/1500483  |c DL/1597056  |c DL/1695946  |c DL/1696633  |c DL/1701356  |c DL/1967183 
942 |2 ddc  |c BK 
956 |a 2 
980 | 017.   |a M 6192-2003  | 020.   |a 84-205-3428-5  | 852. 40  |a M-BN  |b BNALCALA  |9 MO04368067  |j AHM/733039  |z Incluye 1 CD-ROM  |z Falta 1 cuaderno de lectura  |x AH  |c SG_PETANTI  |a M 8082-2002  |9 MO04368158  |j AHM/733253  |a M 8487-2003  |9 MO04370185  |j AHM/734202  |z Incluye 1 CD_ROM  |a M 20752-2004  |9 MO04370557  |j AHMo/75448  |a M 17260-2007  |9 MO05250669  |j AHMo/296504  |z Falta 1 CD-ROM y 1 cuaderno de lectura  |9 MO04034162  |j AHMo/17037  |a M 23969-2006  |9 MO04977862  |j AHMo/219826  |z Incluye 1 disco (CD-ROM)   |9 MO04222817  |j DL/1269846  |x DG  |c CONSERVACI  |9 MO05250936  |j DL/1597056  |z Incluye 1 CD-ROM y 1 cuaderno de lectura  |9 MO04367225  |j DL/1310106  |q Incluye 1 CD-ROM  |9 MO04032932  |j 12/178206  |9 MO04030177  |j DL/1214225  |9 MO04291803  |j DL/1293777  |9 MO04971917  |j DL/1500483  |z Incluye 1 diso (CD-ROM)  
994 |a MONOMODERN 
999 |c 93643  |d 93643 
999 |c manes:93643  |d 93643